=LDR 00000nam 2200000 4500 =001 INLIS000000000033703 =005 20130612135637 =008 ***********************************ind** =035 ##$$0010-061300000033703 =041 ##$$a ind =082 ##$$a 813 =090 ##$$a 813, Hir s =100 ##$$a HIRATA, Andrea =245 ##$$a Sang pemimpin, ANDRTEA hIRATA ; PENYUNTING, iMAM rISDIYANTO =260 ##$$a 2008 $b yogyakarta =300 ##$$a ix, 288 hlm, 21 cm =650 ##$$a Fiksi Indonesia =700 ##$$a Risdiyanto, Imam =850 ##$$a NBPNMAT